| 000 | 00428nam a22001697a 4500 | ||
|---|---|---|---|
| 005 | 20260225110831.0 | ||
| 008 | 260225b |||||||| |||| 00| 0 eng d | ||
| 020 | _a978- 0-00-758042-2- | ||
| 100 | _aNORTHUP , SOLOMON | ||
| 245 | _a12 YEARS A SLAVE | ||
| 260 |
_aBRITAIN _bWILLIAM COCOLINS _c2014 |
||
| 300 | _aAPINDIX C | ||
| 500 | _a278P | ||
| 650 | _a12 YEARS A SLAVE | ||
| 700 | _aNORTHUP , SOLOMON | ||
| 942 |
_2lcc _cBK |
||
| 999 |
_c216647 _d216647 |
||